000 00292nam a2200109Ia 4500
008 201217s9999 xx 000 0 und d
100 _aWillis, Neil and Kerridge, Jon
245 0 _aIntroduction To Computer Architecture
260 _aCalcutta
_bA. H. Wheeler & Co.
300 _a195
942 _cBK
999 _c7136
_d7136